Learning to see: value stream mapping to create value and eliminate muda

Uloženo v:
Podrobná bibliografie
Hlavní autoři: Rother, Mike (Autor), Shook, John (Autor)
Médium: Kniha
Jazyk:angličtina
Vydáno: Brookline The Lean Enterprise Institute 1999
Edice:A Lean Tool Kit Method and Workbook
Témata:
Tagy: Přidat tag
Žádné tagy, Buďte první, kdo vytvoří štítek k tomuto záznamu!

MARC

LEADER 00000nam a2200000 a 4500
001 UCL3621
003 CL-VaPUC
008 031128e19990000US |||||||||||||||||eng|d
020 |a 0966784308 
082 0 4 |a 658.5  |b ROT  |2 21 
100 0 |a Rother, Mike  |e author  |9 480974 
700 0 |a Shook, John  |e author  |9 480975 
245 1 0 |a Learning to see: value stream mapping to create value and eliminate muda 
300 |a 102 p 
942 |c BK 
945 |d 20031128 00:00:00  |a cmena 
260 |a Brookline  |b The Lean Enterprise Institute  |c 1999 
650 0 |a Administración de empresas   |9 260833 
650 0 |a Planificación estratégica   |9 259735 
650 0 |a Control de calidad   |9 259714 
583 |a last modification  |c 20031128 00:00:00  |k Rodrigo Vera 
490 0 |a A Lean Tool Kit Method and Workbook 
999 |c 306639  |d 306637 
952 |0 0  |1 0  |4 0  |6 658_500000000000000_ROT_1999  |7 0  |8 F  |9 371788  |a BIBING  |b BIBING  |d 2019-11-21  |i 3926451  |o 658.5 ROT 1999  |p 3926451  |r 2025-01-20  |w 2019-11-21  |y BK_F  |k EII